<?xml version="1.0" encoding="UTF-8"?>
<marc:record xmlns:marc="http://www.loc.gov/MARC21/slim">
   <marc:leader>00000nam a2200000 a 4500</marc:leader>
   <marc:datafield ind1="1" ind2=" " tag="100">
      <marc:subfield code="a">Clausen, Murmel</marc:subfield>
      <marc:subfield code="4">aut</marc:subfield>
      <marc:subfield code="e">Verfasser/-in</marc:subfield>
   </marc:datafield>
   <marc:datafield ind1="0" ind2="0" tag="245">
      <marc:subfield code="a">Leming</marc:subfield>
   </marc:datafield>
   <marc:datafield ind1="0" ind2="0" tag="245">
      <marc:subfield code="c">Murmel Clausen</marc:subfield>
   </marc:datafield>
   <marc:datafield ind1=" " ind2="1" tag="264">
      <marc:subfield code="a">Berlin</marc:subfield>
      <marc:subfield code="b">Verlag Voland &amp; Quist</marc:subfield>
      <marc:subfield code="c">2024</marc:subfield>
   </marc:datafield>
   <marc:datafield ind1="1" ind2=" " tag="520">
      <marc:subfield code="a">Sie ist nicht so leicht, diese Sache mit dem Leben als geradenoch-Teenager: Kolja, Verena und Reinhold treffen in einem Suizid-Forum im Internet aufeinander. Gemeinsam wollen sie, um dem Ganzen ein passend dramatisches Ende zu setzen, an den Plattensee, um in einen erloschenen Vulkan zu springen. Nur dass Kolja eigentlich mitfährt, um die anderen beiden von dem Vorhaben abzubringen. Doch können eine chaotische Reise in einem getunten Audi, ein toter Opa, eine wilde Partynacht am Balaton, eine Sonnenfinsternis und letztlich ihre Freundschaft Verena und Reinhold neuen Lebensmut schenken? "Reinhold hatte nicht nur einen Scheißnamen, sondern auch einen tiefergelegten Audi A3." - so beginnt dieser grandios komische und gleichzeitig tief berührende All-Age-Roman. "Tschick" trifft auf Nick Hornbys "A Long way Down" im Setting von &#x93;The End of the F***ing World&#x94;.</marc:subfield>
   </marc:datafield>
   <marc:datafield ind1=" " ind2=" " tag="020">
      <marc:subfield code="a">9783863914011</marc:subfield>
      <marc:subfield code="9">9783863914011</marc:subfield>
   </marc:datafield>
   <marc:datafield ind1=" " ind2=" " tag="020">
      <marc:subfield code="a">3863914015</marc:subfield>
      <marc:subfield code="9">3863914015</marc:subfield>
   </marc:datafield>
   <marc:datafield ind1=" " ind2=" " tag="041">
      <marc:subfield code="a">ger</marc:subfield>
   </marc:datafield>
   <marc:datafield ind1=" " ind2=" " tag="300">
      <marc:subfield code="a">195 Seiten</marc:subfield>
   </marc:datafield>
</marc:record>
